| 000 | 01230cam a2200169 4500 | ||
|---|---|---|---|
| 082 | 0 | 0 |
_a940.5423 _bPLA _cL-30, P-94 |
| 100 | 1 |
_aPlayfair, Ian Stanley Ord. _949034 |
|
| 245 | 1 | 4 | _aThe Mediterranean and Middle East. |
| 260 |
_aLondon, _bH.M. Stationery Off., _c1954-1988. |
||
| 300 |
_a6 v. in 8 _billus., group ports., maps (part fold., part col.) _c26 cm. |
||
| 505 | 0 | _av. 1. The early successes against Italy (to May 1941)--v. 2. The Germans come to the help of their ally (1941)--v. 3. British fortunes reach their lowest (Sept. 1941 to Sept. 1942)--v. 4. The destruction of the Axis forces in Africa.--v. 5. The campaign in Sicily 1943, and the campaign in Italy, 3rd September 1943 to 31st March 1944.--v. 6. Victory in the Mediterranean. pt. 1. 1st April to 4th June 1944 / by C.J.C. Molony with F.C. Flynn, H.L. Davies, T.P. Gleave ; rev. by Sir William Jackson. pt. 2. June to October 1944 / by Sir William Jackson with T.P. Gleave. pt. 3. November 1944 to May 1945 / by Sir William Jackson with T.P. Gleave. | |
| 526 |
_a0 _b0 _c0 _d940_542300000000000_PLA |
||
| 650 | 0 |
_aMCE _9379 |
|
| 650 | 0 |
_aWorld War, 1939-1945 _zMediterranean Region. _949035 |
|
| 650 | 0 |
_aWorld War, 1939-1945 _zMiddle East. _937994 |
|
| 942 |
_2ddc _cBK |
||
| 999 |
_c551868 _d551868 |
||